000 02196cam a2200265 4500500
005 20250112002343.0
041 _afre
042 _adc
100 1 0 _aLémonon-Waxin, Isabelle
_eauthor
700 1 0 _a Robin, Cécile
_eauthor
245 0 0 _aVictorine de Chastenay au temps des révolutions : une savante, des archives, une édition numérique
260 _c2023.
500 _a32
520 _aLes Archives départementales de la Côte-d’Or conservent plus de 4 000 feuillets qui témoignent de la curiosité intellectuelle et de la culture encyclopédique de Victorine de Chastenay (1771-1855), véritable parangon de la femme de sciences issue des Lumières. Victorine de Chastenay, descendante d’une famille de la noblesse bourguignonne établie au château d’Essarois (Châtillonnais) depuis le début du xviie siècle, nous laisse des milliers de notes, écrites entre 1788 et 1855, riches empreintes de ses pratiques savantes. Ses archives font actuellement l’objet d’un projet d’édition numérique, mené par le CNRS et les Archives départementales pour les rendre accessibles en ligne et exploitables.
520 _aThe Departmental Archives of the Côte-d’Or have kept more than 4,000 sheets that testify to the intellectual curiosity and encyclopaedic culture of Victorine de Chastenay (1771-1855), a true paragon of the woman of science during the Enlightenment. Victorine de Chastenay, a descendant of a Burgundian noble family established at the Château d’Essarois (Châtillonnais) since the beginning of the 17th century, left us thousands of notes, written between 1788 and 1855, which bear witness of her learned practices. Her archives are currently the subject of a digital edition project, led by the CNRS and the departmental archives to make them accessible online and usable.
690 _asiècle
690 _aChâtillonnais
690 _ae
690 _apratiques savantes
690 _axix
690 _aédition numérique
690 _aVictorine de Chastenay
786 0 _nAnnales de Bourgogne | 95 | 2 | 2023-11-16 | p. 97-114 | 0003-3901
856 4 1 _uhttps://shs.cairn.info/revue-annales-de-bourgogne-2023-2-page-97?lang=fr
999 _c91680
_d91680